000 01910nam0a2200373 4500
001 RU\NLR\BIBL_A\012417976
005 20201217153655.0
010 _a978-5-8064-2877-7
_931
021 _aRU
_bКН-П-20-033590
_9КН-П-20-2573
035 _a(NLR Aleph) 012417976
035 _a(RuMoRGB)010356719
090 _a11810162
_c11810162
100 _a20201208d2020 k y0rusy50 ca
101 0 _arus
102 _aRU
105 _aa|||j|||000zy
181 0 _ai
_baxxe
182 0 _an
200 1 _aАктуальные проблемы теории и практики современной психологии
_eучебно-методическое пособие
_e[для магистрантов, обучающихся по направлению "психология"]
_fЕ. Ю. Коржова, А. А. Сбитнева
_gРоссийский государственный педагогический университет им. А. И. Герцена
203 _aТекст
_bвизуальный
_cнепосредственный
210 _aСанкт-Петербург
_cИзд-во РГПУ им. А. И. Герцена
_d2020
215 _a86, [1] с.
_cил., табл.
_d21
225 1 _aПсихология
_eнаучно-методическое пособие
300 _aНа обл.: HERZEN
320 _aБиблиогр. в конце разд. и параграфов
606 1 _aПсихология
_jУчебно-методические пособия для высших учебных заведений
_2nlr_sh1
_2nlr_sh2
_3RU\NLR\AUTH\6624683
686 1 _aЮ9я73
700 1 _aКоржова
_bЕ. Ю.
_gЕлена Юрьевна
701 1 _aСбитнева
_bА. А.
_gАлина Александровна
942 _cBOOK
980 _aNBR
980 _aNB